| 000 | 00000nam 2200000za 4500 |
| 001 | 9.602835 |
| 003 | CaOODSP |
| 005 | 20240212134142 |
| 007 | cr ||||||||||| |
| 008 | 150406s1996 onc|||||o f00| 0 fre d |
| 040 | |aCaOODSP|bfre |
| 043 | |an-cn--- |
| 086 | 1 |aNE22-1/1996-1F-PDF |
| 110 | 1 |aCanada. |bOffice national de l'énergie. |
| 245 | 10|aMotifs de décision relativement à Altresco Pittsfield L.P, Crestar Energy, Enron Capital & Trade Resources Corp, ... Husky Oil Operations Ltd. : |h[ressource électronique]|bdemandes, présentées conformément à la Partie VI de la Loi sur l'Office national de l'énergie, visant l'obtention de licences d'exportation de gaz naturel, ... demande, présentée conformément à l'article 21 de la Loi sur l'Office national de l'énergie visant la modification d'une licence d'exportation de gaz naturel. Volume 1 |
| 246 | 1 |iTitre de renvoi : |aAltresco Pittsfield L.P, Crestar Energy, Enron Capital & Trade Resources Corp, Husky Oil Operations Ltd. |
| 260 | |aCalgary - Alberta : |bOffice national de l'énergie |cJanvier 1996. |
| 300 | |a41p.|btableau |
| 490 | 1 |aMotifs de décision|vGH-4-95 |
| 500 | |aLe nº de catalogue (NE22-1/1996-1F) et l'ISBN (0-662-80693-X) de l'édition imprimée ont été incorrectement copiés dans cette édition électronique. |
| 590 | |a12-07-Supp|b2012-03-09 |
| 775 | 08|tReasons for decision in the matter of Altresco Pittsfield L.P, Crestar Energy, Enron Capital & Trade Resources ... and Husky Oil Operations Ltd. : |w(CaOODSP)9.572487 |
| 776 | 0#|tRelativement à Altresco Pittsfield, L.P.; Crestar Energy; Enron Capital & TradeResources Corp. : |w(CaOODSP)9.623577 |
| 830 | #0|aMotifs de décision (Canada. Office national de l'énergie)|vGH-4-95|w(CaOODSP)9.500899 |
| 856 | 40|uhttps://publications.gc.ca/collections/Collection/NE22-1-1996-1F.pdf|qPDF|s124 Ko |